<?xml version="1.0" encoding="UTF-8"?>
<record
    xmlns:xsi="http://www.w3.org/2001/XMLSchema-instance"
    xsi:schemaLocation="http://www.loc.gov/MARC21/slim http://www.loc.gov/standards/marcxml/schema/MARC21slim.xsd"
    xmlns="http://www.loc.gov/MARC21/slim">

  <leader>01253nam0a2200253   4500</leader>
  <controlfield tag="001">RU\NLR\BIBL_A\010416962</controlfield>
  <controlfield tag="005">20250614045018.0</controlfield>
  <datafield tag="035" ind1=" " ind2=" ">
    <subfield code="a">(NLR Aleph) 010416962</subfield>
  </datafield>
  <datafield tag="090" ind1=" " ind2=" ">
    <subfield code="a">9796053</subfield>
    <subfield code="c">9796053</subfield>
  </datafield>
  <datafield tag="100" ind1=" " ind2=" ">
    <subfield code="a">20140717d1952    |||y0rusy50      ca</subfield>
  </datafield>
  <datafield tag="101" ind1="0" ind2=" ">
    <subfield code="a">sah</subfield>
  </datafield>
  <datafield tag="102" ind1=" " ind2=" ">
    <subfield code="a">RU</subfield>
  </datafield>
  <datafield tag="105" ind1=" " ind2=" ">
    <subfield code="a">y||||||||||||</subfield>
  </datafield>
  <datafield tag="200" ind1="1" ind2=" ">
    <subfield code="a">&#x410;&#x43C;&#x435;&#x440;&#x438;&#x43A;&#x430;&#x43D;&#x441;&#x43A;&#x430;&#x439; &#x438;&#x43C;&#x43F;&#x435;&#x440;&#x438;&#x430;&#x43B;&#x438;&#x437;&#x43C; - &#x421;&#x43E;&#x432;&#x435;&#x442;&#x441;&#x43A;&#x430;&#x439; &#x433;&#x43E;&#x441;&#x443;&#x434;&#x430;&#x440;&#x441;&#x442;&#x432;&#x43E; &#x473;h&#x473;&#x433;&#x473;&#x439;&#x434;&#x473;&#x473;&#x445; &#x473;&#x441;&#x442;&#x473;&#x473;&#x495;&#x473;</subfield>
    <subfield code="f">&#x438;&#x441;&#x442;. &#x43D;&#x430;&#x443;&#x43A;&#x430;&#x43B;&#x430;&#x440;&#x433;&#x430; &#x43A;&#x430;&#x43D;&#x434;. &#x410;. &#x412;. &#x411;&#x435;&#x440;&#x435;&#x437;&#x43A;&#x438;&#x43D;</subfield>
    <subfield code="g">&#x41F;&#x43E;&#x43B;&#x438;&#x442;. &#x443;&#x43E;&#x43D;&#x43D;&#x430; &#x43D;&#x430;&#x443;&#x447;. &#x431;&#x438;&#x43B;&#x438;&#x438;&#x43B;&#x44D;&#x440;&#x438; &#x442;&#x430;&#x440;&#x495;&#x430;&#x442;&#x430;&#x440; &#x411;&#x443;&#x442;&#x443;&#x43D; &#x421;&#x43E;&#x44E;&#x437;&#x442;&#x430;&#x430;&#x495;&#x44B; &#x43E;-&#x432;&#x43E;. &#x421;&#x430;&#x445;&#x430; &#x441;&#x438;&#x440;&#x438;&#x43D;&#x44D;&#x44D;&#x495;&#x438; &#x43E;&#x442;&#x434;&#x435;&#x43B;&#x435;&#x43D;&#x438;&#x435;</subfield>
  </datafield>
  <datafield tag="210" ind1=" " ind2=" ">
    <subfield code="a">&#x42F;&#x43A;&#x443;&#x442;&#x441;&#x43A;&#x430;&#x439;</subfield>
    <subfield code="c">&#x421;&#x410;&#x421;&#x421;&#x420; &#x413;&#x43E;&#x441;&#x438;&#x437;&#x434;&#x430;&#x442;&#x430;</subfield>
    <subfield code="d">1952</subfield>
  </datafield>
  <datafield tag="215" ind1=" " ind2=" ">
    <subfield code="a">42,[1] &#x441;.</subfield>
    <subfield code="d">20</subfield>
  </datafield>
  <datafield tag="541" ind1="1" ind2=" ">
    <subfield code="a">&#x410;&#x43C;&#x435;&#x440;&#x438;&#x43A;&#x430;&#x43D;&#x441;&#x43A;&#x438;&#x439; &#x438;&#x43C;&#x43F;&#x435;&#x440;&#x438;&#x430;&#x43B;&#x438;&#x437;&#x43C; - &#x437;&#x430;&#x43A;&#x43B;&#x44F;&#x442;&#x44B;&#x439; &#x432;&#x440;&#x430;&#x433; &#x421;&#x43E;&#x432;&#x435;&#x442;&#x441;&#x43A;&#x43E;&#x433;&#x43E; &#x433;&#x43E;&#x441;&#x443;&#x434;&#x430;&#x440;&#x441;&#x442;&#x432;&#x430;</subfield>
    <subfield code="z">rus</subfield>
  </datafield>
  <datafield tag="606" ind1="1" ind2=" ">
    <subfield code="a">&#x418;&#x43C;&#x43F;&#x435;&#x440;&#x438;&#x430;&#x43B;&#x438;&#x437;&#x43C;</subfield>
    <subfield code="y">&#x421;&#x43E;&#x435;&#x434;&#x438;&#x43D;&#x435;&#x43D;&#x43D;&#x44B;&#x435; &#x428;&#x442;&#x430;&#x442;&#x44B; &#x410;&#x43C;&#x435;&#x440;&#x438;&#x43A;&#x438;</subfield>
    <subfield code="9">975382</subfield>
    <subfield code="3">RU\NLR\AUTH\6647641</subfield>
  </datafield>
  <datafield tag="686" ind1="1" ind2=" ">
    <subfield code="a">&#x410;653</subfield>
  </datafield>
  <datafield tag="700" ind1=" " ind2="1">
    <subfield code="a">&#x411;&#x435;&#x440;&#x435;&#x437;&#x43A;&#x438;&#x43D;</subfield>
    <subfield code="b">&#x410;.&#x412;.</subfield>
    <subfield code="f">-1968</subfield>
    <subfield code="g">&#x410;&#x43B;&#x435;&#x43A;&#x441;&#x430;&#x43D;&#x434;&#x440; &#x412;&#x430;&#x441;&#x438;&#x43B;&#x44C;&#x435;&#x432;&#x438;&#x447;</subfield>
    <subfield code="4">070</subfield>
  </datafield>
  <datafield tag="852" ind1=" " ind2=" ">
    <subfield code="a">NLR</subfield>
    <subfield code="b">&#x41E;&#x41D;&#x41B;</subfield>
    <subfield code="j">&#x42F;&#x43A;&#x443;&#x442;./2-528</subfield>
  </datafield>
  <datafield tag="942" ind1=" " ind2=" ">
    <subfield code="c">BOOK</subfield>
  </datafield>
  <datafield tag="980" ind1=" " ind2=" ">
    <subfield code="a">NB</subfield>
  </datafield>
  <datafield tag="995" ind1=" " ind2=" ">
    <subfield code="5">2014-07-17</subfield>
    <subfield code="b">NLR01</subfield>
    <subfield code="c">NLR01</subfield>
    <subfield code="e">ONL</subfield>
    <subfield code="f">1-382483</subfield>
    <subfield code="k">&#x41E;&#x41D;&#x41B; &#x42F;&#x43A;&#x443;&#x442;./2-528</subfield>
    <subfield code="o">0</subfield>
    <subfield code="r">BOOK</subfield>
    <subfield code="s">_2528</subfield>
  </datafield>
</record>
